000 00558nam a2200205Ia 4500
005 20250923145031.0
008 008 250917s9999 xx 000 0 eng d
037 _aTextual
040 _aDSWL
_beng
_cDSWL
041 _aeng
_2eng
084 _aX:9(X2), K5
_qDSWL
100 _aVaid, K.N.
_9831094
245 0 _aState and labour in India
_cby K.N. Vaid
260 _aBombay
_bAsia Pub House
_c1965
300 _axiii,336 p.
365 _aINR
_b23
925 _g23
942 _cTEXL
_hX:9(X2), K5
999 _c1446274
_d1446274